| 000 | 00623cab a2200229 4500 | ||
|---|---|---|---|
| 001 | WB3206-56 | ||
| 008 | 090401t1996 xxu||||| |||| 00| 0 eng d | ||
| 035 | _a(Sirsi) u21420 | ||
| 041 | _aeng | ||
| 245 | _aRICS qualifications 1995 | ||
| 260 | _c1996 | ||
| 350 | _a0 | ||
| 490 |
_aTimes _v8 February 1996, 28(2) |
||
| 520 | _aList of candidates admitted to corporate membership of the RICS in 1995. | ||
| 650 |
_aAPC _96216 |
||
| 650 | _aCORPORATE MEMBERSHIP | ||
| 650 | _aEXAMINATIONS | ||
| 650 | _aRICS | ||
| 690 | _aMANAGEMENT-BUSINESS MANAGEMENT-PROFESSIONAL PRACTICE | ||
| 942 | _n0 | ||
| 948 | _c04/03/1997 | ||
| 999 |
_c14380 _d14380 |
||